| 000 | 00509nam a2200181Ia 4500 | ||
|---|---|---|---|
| 008 | 230917s9999||||xx |||||||||||||| ||und|| | ||
| 020 | _cGBP 44.99 (RS 4653.32) | ||
| 040 |
_e5005070 _aMAIN |
||
| 041 | _aEnglish | ||
| 082 | _a394.2 G335E(4) | ||
| 100 | _aGetz, Donald | ||
| 245 | 0 | _aEvent Studies: Theory, research and policy for planned events | |
| 250 | _a4th ed. | ||
| 260 |
_aOxon _bRoutledge _c2020 |
||
| 300 | _a558 p. | ||
| 500 | _a4135 18/10/2021 APD22/1128761 18/10/2021 IHTM (SFS) | ||
| 942 | _cBK | ||
| 999 |
_c2938 _d2938 |
||